Logo BPK

Biblioteka

Politechniki Koszalińskiej

Wyzwania Unii Europejskiej dla postaw, umiejętności i wiedzy przyszłych menedżerów : (Rekord nr 35372)

Szczegóły MARC
000 -ETYKIETA REKORDU
podpole kontrolne o stałej długości 00972nam a2200253 i 4500
001 - NUMER KONTROLNY REKORDU
pole kontrolne bg
020 ## - MIĘDZYNARODOWY ZNORMALIZOWANY NUMER KSIĄŻKI - ISBN
ISBN 839107630X
040 ## - ŹRÓDŁO KATALOGOWANIA
Instytucja, która utworzyła rekord BPK
041 ## - KOD JĘZYKA
Kod języka tekstu pl
080 ## - UNIWERSALNA KLASYFIKACJA DZIESIĘTNA - UKD
UKD 65.013:061.1A/Z(4-67)](061)
920 ## - Międzynarodowy znormalizowany numer książki – ISBN
ISBN 83-910763-0-X
008 - POLE O STAŁEJ DŁUGOŚCI - DANE KONTROLNE
podpole kontrolne o stałej długości s pl f |000 0 pol
245 #0 - TYTUŁ/ODPOWIEDZIALNOŚĆ
Tytuł Wyzwania Unii Europejskiej dla postaw, umiejętności i wiedzy przyszłych menedżerów :
Ciąg dalszy tytułu materiały konferencyjne /
Pozostałe elementy strefy tytułu i oznaczenia odpowiedzialności Pod red. Jerzego Dietla, Zofii Sapijaszki ; Fundacja Edukacyjna Przedsiębiorczości, Stowarzyszenie Edukacji Menedżerskiej FORUM.
260 ## - STREFA ADRESU WYDAWNICZEGO
Miejsce wydania Łódź :
Nazwa wydawcy/dystrybutora [Fundacja Edukacyjna Przedsiębiorczości],
Data publikacji, dystrybucji/powstania dokumentu 2000.
300 ## - STREFA OPISU FIZYCZNEGO
Objętość 300 s. :
Inne cechy fizyczne il. ;
Rozmiary 24 cm.
504 ## - UWAGA DOTYCZĄCA BIBLIOGRAFII
Informacje o bibliografii Bibliogr. przy ref.
650 #9 - HASŁO PRZEDMIOTOWE W FORMIE NAZWY OGÓLNEJ LUB JEDNOSTKOWEJ
Nazwa ogólna lub geograficzna Menedżerowie
Określnik ogólny zarządzanie
650 #9 - HASŁO PRZEDMIOTOWE W FORMIE NAZWY OGÓLNEJ LUB JEDNOSTKOWEJ
Nazwa ogólna lub geograficzna Menedżerowie
Określnik ogólny edukacja
655 ## - TERMIN INDEKSOWY - OKREŚLENIE RODZAJU/FORMY DOKUMENTU
Określenie rodzaju/formy dokumentu Materiały konferencyjne
700 1# - HASŁO DODATKOWE - NAZWA OSOBOWA
Nazwa osobowa Dietl, Jerzy
Daty związane z nazwą (1927- ).
Określenie związku między hasłem a opisywanym materiałem Red.
700 1# - HASŁO DODATKOWE - NAZWA OSOBOWA
Nazwa osobowa Sapijaszka, Zofia.
Określenie związku między hasłem a opisywanym materiałem Red.
710 ## - HASŁO DODATKOWE - NAZWA CIAŁA ZBIOROWEGO
Nazwa ciała zbiorowego lub jednostki geograficznej Fundacja Edukacyjna Przedsiębiorczości
856 ## - LOKALIZACJA I DOSTĘP DO ELEKTRONICZNYCH DOKUMENTÓW ZDALNYCH
Link (URL) http://koha.tu.koszalin.pl/cgi-bin/koha/opac-detail.pl?biblionumber=35372
Tekst linku Katalog online BPK
942 ## - DODATKOWE ELEMENTY (KOHA)
Typ dokumentu Książka
Egzemplarze
Wycofany Status egzemplarza Uszkodzony Dostępność Lokalizacja stała Lokalizacja bieżąca Miejsce przechowywania Sygnatura Kod kreskowy Typ dokumentu
      W opracowaniu Biblioteka Politechniki Koszalińskiej Biblioteka Politechniki Koszalińskiej Czytelnia Wydziałowa ul. Kwiatkowskiego 6e D 229 02235899 Książka
© 2023 Biblioteka Politechniki Koszalińskiej :: KOHA